The JINR educational programme in 2004 (Запись № 3335764)

Подробности
000 -МАРКЕР
контрольное поле 01513nam0a2200313 4500
001 - ИДЕНТИФИКАТОР ЗАПИСИ
контрольное поле RU\NLR\b_ik\150793
005 - ИДЕНТИФИКАТОР ВЕРСИИ
контрольное поле 20260407143335.0
035 ## - ДРУГИЕ СИСТЕМНЫЕ НОМЕРА
Идентификатор записи (NLR Aleph) 002223873
100 ## - ДАННЫЕ ОБЩЕЙ ОБРАБОТКИ
Данные общей обработки 20060907d2004 |||y0rusy50 ca
101 0# - ЯЗЫК РЕСУРСА
Язык текста, звукозаписи и т.д. английский
102 ## - СТРАНА ПУБЛИКАЦИИ ИЛИ ПРОИЗВОДСТВА
Страна публикации российская федерация
105 ## - ПОЛЕ КОДИРОВАННЫХ ДАННЫХ: ТЕКСТОВЫЕ МАТЕРИАЛЫ, МОНОГРАФИЧЕСКИЕ
Кодированные данные о монографическом текстовом документе y |||||||||
200 1# - ЗАГЛАВИЕ И СВЕДЕНИЯ ОБ ОТВЕТСТВЕННОСТИ
Основное заглавие The JINR educational programme in 2004
Сведения, относящиеся к заглавию report to the 97th Session of the JINR scientific council, January 20-21, 2005
Первые сведения об ответственности S.P. Ivanova
210 ## - ПУБЛИКАЦИЯ, РАСПРОСТРАНЕНИЕ И ДР.
Место издания, распространения и т.д. Dubna
Имя издателя, распространителя и т. д. Joint inst. for nuclear research
Дата издания, распространения и т.д. 2004
215 ## - ФИЗИЧЕСКАЯ ХАРАКТЕРИСТИКА
Специфическое обозначение материала и объем 16 с.
Размеры 22
225 1# - СЕРИЯ
Основное заглавие серии Joint institute for nuclear research
Обозначение тома 2004-196
320 ## - ПРИМЕЧАНИЯ О НАЛИЧИИ В ДОКУМЕНТЕ БИБЛИОГРАФИИ / УКАЗАТЕЛЯ
Текст примечания Библиогр.: с. 16
601 02 - НАИМЕНОВАНИЕ ОРГАНИЗАЦИИ КАК ПРЕДМЕТ
Начальный элемент ввода Объединенный институт ядерных исследований
Идентифицирующий признак Дубна, город; Московская область
Тематический подзаголовок Научно-исследовательская работа
Системный номер авторитетной/нормативной записи 1732020
Идентификатор авторитетной/нормативной записи RU\NLR\AUTH\66774191
686 4# - ИНДЕКСЫ ДРУГИХ КЛАССИФИКАЦИЙ
Индекс В38е(2)л2-15
700 #1 - ИМЯ ЛИЦА - ПЕРВИЧНАЯ ОТВЕТСТВЕННОСТЬ
Код отношения Автор
Графика поля Латинская
Материалы, к которым относится поле rus
Начальный элемент ввода Ivanova
Часть имени, кроме начального элемента ввода S. P.
Дополнения к именам, кроме дат канд. физ.-мат. наук, ядер. физика
Даты 1941-2007
Расширение инициалов личного имени Svetlana Petrovna
Идентификатор авторитетной/нормативной записи RU\NLR\AUTH\770279755
Системный номер авторитетной/нормативной записи 2651722
712 02 - НАИМЕНОВАНИЕ ОРГАНИЗАЦИИ - ВТОРИЧНАЯ ОТВЕТСТВЕННОСТЬ
Код отношения Прочие
Материалы, к которым относится поле eng
Начальный элемент ввода Joint institute for nuclear research
Идентифицирующий признак Dubna
Графика поля Латинская
Идентификатор авторитетной/нормативной записи RU\NLR\AUTH\88670
Системный номер авторитетной/нормативной записи 272107
712 02 - НАИМЕНОВАНИЕ ОРГАНИЗАЦИИ - ВТОРИЧНАЯ ОТВЕТСТВЕННОСТЬ
Код отношения Прочие
Материалы, к которым относится поле eng
Начальный элемент ввода Joint institute for nuclear research
Идентифицирующий признак Dubna
Структурное подразделение Scientific council
-- Session
Порядковый номер временной организации и / или порядковый номер ее части 97
Дата проведения временной организации 2005
Графика поля Латинская
Идентификатор авторитетной/нормативной записи RU\NLR\AUTH\8810086717
Системный номер авторитетной/нормативной записи 675127
801 #0 - ИСТОЧНИК ЗАПИСИ
Страна российская федерация
Организация NLR
Дата составления 20060907
Правила каталогизации PSBO
830 ## - ОБЩЕЕ ПРИМЕЧАНИЕ, СОСТАВЛЕННОЕ КАТАЛОГИЗАТОРОМ
Текст примечания Программа института в 2004г.
942 ## - ДОПОЛНИТЕЛЬНЫЕ ЭЛЕМЕНТЫ ЗАПИСИ (АБИС)
Тип экземпляра АБИС Книга
980 ## - КОЛЛЕКЦИЯ
Название коллекции Национальная библиография
Экземпляры
Тип экземпляра Дата поступления Источник поступления Библиотека постоянного хранения Библиотека текущего хранения Место хранения Шифр хранения Штрих-код Статус не для выдачи Публичное примечание
Книга 07.09.2006 Обязательный экземпляр РНБ (Московский) РНБ (Московский) Иностранный книжный фонд Ик 2006-6/64 1059255   ;